Бухгалтерский учет операций с ценными бумагами

Bibliographic Details
Main Author: Крайнева Э. А. Элла Александровна
Summary:Исключено из фонда НТБ ТПУ
Language:Russian
Published: Москва, Инфра-М, 1994
Format: Book
KOHA link:https://koha.lib.tpu.ru/cgi-bin/koha/opac-detail.pl?biblionumber=55366

MARC

LEADER 00000nam0a2200000 4500
001 55366
005 20231031051117.0
010 |a 5862250220 
035 |a (RuTPU)RU\TPU\book\58112 
090 |a 55366 
100 |a 20030915d1994 km y0rusy50 ca 
101 0 |a rus 
102 |a RU 
105 |a y z 001zy 
200 1 |a Бухгалтерский учет операций с ценными бумагами  |f Э. А. Крайнева 
210 |a Москва  |c Инфра-М  |d 1994 
215 |a 93 с. 
320 |a Библиогр.: с. 93 
333 |a Исключено из фонда НТБ ТПУ 
700 1 |a Крайнева  |b Э. А.  |g Элла Александровна 
801 1 |a RU  |b 63413507  |c 20030915  |g PSBO 
801 2 |a RU  |b 63413507  |c 20170301  |g PSBO 
942 |c BK